[Event "DMP-III LIGA Senior PK 2020"]
[Site "Bystre"]
[Date "2020.07.09"]
[Round "2.3"]
[White "Stefanski, Adam"]
[Black "Babiarz, Arkadiusz"]
[Result "1/2-1/2"]
[WhiteElo "1387"]
[BlackElo "1840"]
[Annotator "NA"]
[PlyCount "74"]
[EventDate "2020.07.05"]
[EventType "team-tourn"]
[EventCountry "POL"]
[SourceTitle "playchess.com"]
[Source "ChessBase"]
[SourceQuality "1"]
[TimeControl "5400+30"]

1. c4 {[%emt 0:03:13]} c5 {[%emt 0:00:08]} 2. Nc3 {[%emt 0:00:09]} e6 {[%emt 0:00:07]} 3. Nf3 {[%emt 0:00:40]} Nf6 {[%emt 0:00:13]} 4. g3 {[%emt 0:01:03]} d5 {[%emt 0:03:45]} 5. cxd5 {[%emt 0:00:49]} exd5 {[%emt 0:00:09]} 6. d4 $1 {[%emt 0:00:33]} Nc6 {[%emt 0:01:33]} 7. Bg2 {[%emt 0:01:04]} h6 {[%emt 0:02:08]} 8. O-O {[%emt 0:01:36]} Be6 {[%emt 0:00:48]} 9. Bf4 {[%emt 0:04:49]} Rc8 {[%emt 0:05:30]} 10. Na4 {[%emt 0:24:15]} c4 {[%emt 0:03:24]} 11. Nc3 {[%emt 0:03:45]} Bd6 {[%emt 0:03:16]} 12. Ne5 {[%emt 0:11:30]} g5 {[%emt 0:07:35]} 13. Nxc6 {[%emt 0:01:47]} bxc6 {[%emt 0:00:11]} 14. Bxd6 {[%emt 0:04:40]} Qxd6 {[%emt 0:00:05]} 15. e4 {[%emt 0:00:37]} dxe4 {[%emt 0:05:49]} 16. Nxe4 $11 {[%emt 0:12:42]} Nxe4 {[%emt 0:02:47]} 17. Bxe4 {[%emt 0:01:52]} O-O {[%emt 0:00:16]} 18. Qd2 {[%emt 0:17:44]} f5 {[%emt 0:15:12]} 19. Bf3 {[%emt 0:00:55]} f4 {[%emt 0:00:52]} 20. g4 {[%emt 0:03:48]} Bd5 {[%emt 0:07:10]} 21. Bxd5+ {[%emt 0:01:38]} Qxd5 {[%emt 0:00:14]} 22. Rfe1 {[%emt 0:00:47]} Qf3 {[%emt 0:04:47]} 23. Qe2 {[%emt 0:00:08]} Qxe2 {[%emt 0:00:07]} 24. Rxe2 {[%emt 0:00:01]} Rfe8 {[%emt 0:02:46]} 25. Rae1 {[%emt 0:00:20]} Rxe2 {[%emt 0:03:06]} 26. Rxe2 {[%emt 0:00:01]} Rd8 {[%emt 0:00:06]} 27. Re6 {[%emt 0:01:31]} Rxd4 {[%emt 0:00:17]} 28. Rxc6 {[%emt 0:01:20]} f3 {[%emt 0:00:13]} 29. h3 {[%emt 0:00:06]} Rd1+ {[%emt 0:10:22]} 30. Kh2 {[%emt 0:00:01]} Rd2 {[%emt 0:00:07]} 31. Kg3 {[%emt 0:00:15]} Rxb2 {[%emt 0:00:09]} 32. Rxc4 {[%emt 0:01:27]} Rxa2 {[%emt 0:00:07]} 33. Rc7 {[%emt 0:00:45]} a5 {[%emt 0:00:51]} 34. Ra7 {[%emt 0:00:30]} Ra3 {[%emt 0:01:09]} 35. h4 {[%emt 0:00:34]} gxh4+ {[%emt 0:08:14]} 36. Kxh4 {[%emt 0:00:09]} Ra4 {[%emt 0:05:33]} 37. Kg3 {[%emt 0:00:23]} Ra3 {[%emt 0:00:09]} 1/2-1/2

[Event "DMP-III LIGA Senior PK 2020"]
[Site "Bystre"]
[Date "2020.07.09"]
[Round "2.4"]
[White "Ziemniak, Piotr"]
[Black "Korys, Dawid"]
[Result "1/2-1/2"]
[WhiteElo "1791"]
[BlackElo "1343"]
[Annotator "NA"]
[PlyCount "34"]
[EventDate "2020.07.05"]
[EventType "team-tourn"]
[EventCountry "POL"]
[SourceTitle "playchess.com"]
[Source "ChessBase"]
[SourceQuality "1"]
[TimeControl "5400+30"]

1. e4 {[%emt 0:00:00]} Nf6 {[%emt 0:00:00]} 2. Nc3 {[%emt 0:01:16]} e6 {[%emt 0:00:23]} 3. g3 {[%emt 0:02:03]} Bb4 {[%emt 0:00:18]} 4. Bg2 {[%emt 0:00:06]} Bxc3 {[%emt 0:02:10]} 5. bxc3 {[%emt 0:00:07]} d5 {[%emt 0:00:47]} 6. e5 {[%emt 0:02:18]} Nfd7 {[%emt 0:00:26]} 7. d4 {[%emt 0:00:27]} O-O {[%emt 0:00:10]} 8. Nf3 {[%emt 0:02:21]} f6 {[%emt 0:02:15]} 9. exf6 {[%emt 0:03:04]} Nxf6 {[%emt 0:00:06]} 10. Ba3 {[%emt 0:02:10]} Re8 {[%emt 0:00:33]} 11. O-O {[%emt 0:01:20]} Nbd7 {[%emt 0:01:41]} 12. Re1 {[%emt 0:01:12]} Nb6 {[%emt 0:02:19]} 13. Ne5 {[%emt 0:11:09]} Nfd7 {[%emt 0:02:00]} 14. Nd3 {[%emt 0:01:28]} Nc4 {[%emt 0:00:33]} 15. Bc1 {[%emt 0:00:47]} c6 {[%emt 0:01:59]} 16. Qh5 {[%emt 0:23:22]} Nf6 {[%emt 0:02:00]} 17. Qh4 {[%emt 0:10:44]} Qa5 {[%emt 0:16:18]} 1/2-1/2

[Event "DMP-III LIGA Senior PK 2020"]
[Site "Bystre"]
[Date "2020.07.09"]
[Round "2.5"]
[White "Medrygal, Rafal"]
[Black "Wozniak, Grzegorz"]
[Result "1-0"]
[WhiteElo "1258"]
[BlackElo "1608"]
[Annotator "NA"]
[PlyCount "103"]
[EventDate "2020.07.05"]
[EventType "team-tourn"]
[EventCountry "POL"]
[SourceTitle "playchess.com"]
[Source "ChessBase"]
[SourceQuality "1"]
[TimeControl "5400+30"]

1. e4 {[%emt 0:00:00]} c5 {[%emt 0:00:35]} 2. Nf3 {[%emt 0:00:00]} Nc6 {[%emt 0:00:12]} 3. c3 {[%emt 0:00:22]} e6 {[%emt 0:00:39]} 4. d4 {[%emt 0:01:10]} d5 {[%emt 0:00:10]} 5. exd5 {[%emt 0:01:51]} Qxd5 {[%emt 0:02:52]} 6. Bd3 {[%emt 0:02:47]} Nf6 {[%emt 0:03:28]} 7. Be3 {[%emt 0:03:18]} cxd4 {[%emt 0:01:35]} 8. Nxd4 {[%emt 0:00:59]} Qxg2 {[%emt 0:09:21]} 9. Qf3 {[%emt 0:03:50]} Qxf3 {[%emt 0:01:30]} 10. Nxf3 {[%emt 0:00:08]} a6 {[%emt 0:02:15]} 11. Nbd2 {[%emt 0:01:14]} Nd5 {[%emt 0:06:20]} 12. Bg5 {[%emt 0:02:09]} h6 {[%emt 0:05:45]} 13. Bh4 {[%emt 0:00:37]} f5 {[%emt 0:01:26]} 14. c4 {[%emt 0:02:17]} Nf4 {[%emt 0:05:21]} 15. Bf1 {[%emt 0:03:02]} Ng6 {[%emt 0:08:13]} 16. O-O-O {[%emt 0:04:24]} Bc5 {[%emt 0:04:30]} 17. Rg1 {[%emt 0:01:55]} Nxh4 {[%emt 0:01:12]} 18. Nxh4 {[%emt 0:00:08]} g5 {[%emt 0:00:33]} 19. Nhf3 {[%emt 0:01:30]} Bxf2 {[%emt 0:01:38]} 20. Rg2 {[%emt 0:00:11]} Be3 {[%emt 0:01:46]} 21. Kb1 {[%emt 0:01:57]} g4 {[%emt 0:04:13]} 22. Re2 {[%emt 0:03:49]} Bf4 {[%emt 0:02:28]} 23. Nh4 {[%emt 0:01:35]} Bg5 {[%emt 0:04:24]} 24. Nxf5 {[%emt 0:01:03]} Be7 {[%emt 0:02:24]} 25. Ng7+ {[%emt 0:01:15]} Kf7 {[%emt 0:00:35]} 26. Nh5 {[%emt 0:00:30]} e5 {[%emt 0:02:36]} 27. Rf2+ {[%emt 0:01:03]} Kg6 {[%emt 0:00:38]} 28. Ng3 {[%emt 0:00:40]} h5 {[%emt 0:01:17]} 29. Bd3+ {[%emt 0:00:52]} Kg7 {[%emt 0:00:48]} 30. Rdf1 {[%emt 0:01:58]} Be6 {[%emt 0:02:07]} 31. Bf5 {[%emt 0:09:44]} Bf7 {[%emt 0:02:23]} 32. Be4 {[%emt 0:02:14]} Bg6 {[%emt 0:01:51]} 33. Nf5+ {[%emt 0:00:48]} Bxf5 {[%emt 0:00:47]} 34. Rxf5 {[%emt 0:00:34]} Raf8 {[%emt 0:01:02]} 35. Bxc6 {[%emt 0:01:08]} bxc6 {[%emt 0:00:54]} 36. Rxe5 {[%emt 0:00:37]} Rxf1+ {[%emt 0:00:16]} 37. Nxf1 {[%emt 0:00:07]} Bf6 {[%emt 0:02:16]} 38. Re6 {[%emt 0:00:57]} Kf7 {[%emt 0:05:50]} 39. Rxc6 {[%emt 0:02:09]} Re8 {[%emt 0:01:49]} 40. Ng3 {[%emt 0:01:36]} h4 {[%emt 0:00:50]} 41. Nf5 {[%emt 0:00:38]} Re1+ {[%emt 0:00:26]} 42. Kc2 {[%emt 0:00:45]} Re2+ {[%emt 0:00:44]} 43. Kd3 {[%emt 0:00:45]} Rxh2 {[%emt 0:01:23]} 44. Nh6+ {[%emt 0:01:02]} Kg7 {[%emt 0:00:55]} 45. Nxg4 {[%emt 0:01:54]} Rh3+ {[%emt 0:00:07]} 46. Kc2 {[%emt 0:01:25]} Rf3 {[%emt 0:01:13]} 47. Rxa6 {[%emt 0:02:49]} h3 {[%emt 0:00:36]} 48. Ra3 {[%emt 0:11:02]} Rf4 {[%emt 0:00:58]} 49. Nxf6 {[%emt 0:05:44]} Rxc4+ {[%emt 0:00:14]} 50. Kd2 {[%emt 0:00:58]} Rh4 {[%emt 0:00:09]} 51. Ng4 {[%emt 0:00:26]} Rxg4 {[%emt 0:01:17]} 52. Rxh3 {[%emt 0:00:08]} 1-0

[Event "DMP-III LIGA Senior PK 2020"]
[Site "Bystre"]
[Date "2020.07.09"]
[Round "2.6"]
[White "Polak, Sylwia"]
[Black "Trybowska, Anna"]
[Result "0-1"]
[WhiteElo "1614"]
[BlackElo "1583"]
[Annotator "NA"]
[PlyCount "54"]
[EventDate "2020.07.05"]
[EventType "team-tourn"]
[EventCountry "POL"]
[SourceTitle "playchess.com"]
[Source "ChessBase"]
[SourceQuality "1"]
[TimeControl "5400+30"]

1. d4 {[%emt 0:00:00]} Nf6 {[%emt 0:00:00]} 2. c4 {[%emt 0:00:00]} c5 {[%emt 0:00:00]} 3. d5 {[%emt 0:00:00]} b5 {[%emt 0:00:00]} 4. cxb5 {[%emt 0:00:00]} a6 {[%emt 0:00:05]} 5. bxa6 {[%emt 0:00:00]} Bxa6 {[%emt 0:00:04]} 6. Nc3 {[%emt 0:00:11]} d6 {[%emt 0:00:15]} 7. e4 {[%emt 0:00:07]} Bxf1 {[%emt 0:00:18]} 8. Kxf1 {[%emt 0:00:05]} g6 {[%emt 0:00:30]} 9. Nf3 {[%emt 0:00:11]} Bg7 {[%emt 0:00:13]} 10. g3 {[%emt 0:00:06]} O-O {[%emt 0:00:51]} 11. Kg2 {[%emt 0:00:08]} Na6 {[%emt 0:00:11]} 12. Qe2 {[%emt 0:01:29]} Re8 {[%emt 0:01:15]} 13. Re1 {[%emt 0:11:18]} Qb6 {[%emt 0:01:10]} 14. Nd2 {[%emt 0:02:08]} Nb4 {[%emt 0:03:12]} 15. Nc4 {[%emt 0:02:08]} Qa6 {[%emt 0:00:23]} 16. a4 {[%emt 0:02:03]} Reb8 {[%emt 0:04:53]} 17. Bg5 {[%emt 0:02:41]} Nc2 {[%emt 0:01:14]} 18. Qxc2 {[%emt 0:02:55]} Qxc4 {[%emt 0:00:28]} 19. Ra3 {[%emt 0:14:20]} h6 {[%emt 0:04:34]} 20. Bd2 {[%emt 0:01:52]} Ng4 {[%emt 0:03:28]} 21. b3 {[%emt 0:07:07]} Qd4 {[%emt 0:04:54]} 22. Nd1 {[%emt 0:01:14]} Ne5 {[%emt 0:04:08]} 23. f4 {[%emt 0:17:04]} Nd3 {[%emt 0:04:01]} 24. Re3 {[%emt 0:02:10]} Nb4 {[%emt 0:03:32]} 25. Qc3 {[%emt 0:05:41]} Qxc3 {[%emt 0:02:02]} 26. Rxc3 {[%emt 0:01:25]} Bxc3 {[%emt 0:00:06]} 27. Nxc3 {[%emt 0:03:07]} Nc2 {[%emt 0:01:52]} 0-1

[Event "DMP-III LIGA Senior PK 2020"]
[Site "Bystre"]
[Date "2020.07.09"]
[Round "2.7"]
[White "Kopacz, Lukasz"]
[Black "Zgoda, Damian"]
[Result "1/2-1/2"]
[WhiteElo "1913"]
[BlackElo "1672"]
[Annotator "TA"]
[PlyCount "35"]
[EventDate "2020.07.05"]
[EventType "team-tourn"]
[EventCountry "POL"]
[SourceTitle "playchess.com"]
[Source "ChessBase"]
[SourceQuality "1"]

{[%evp 18,20,-9,-9,-12]} 1. c4 e5 2. g3 g6 3. Bg2 Bg7 4. Nc3 d6 5. d3 f5 6. e3 Nf6 7. Nge2 O-O 8. O-O c6 9. Rb1 Be6 10. b3 d5 {[#] An uneventful encounter. A21: English Opening: 1...e5 2 Nc3.} {Predecessor:} 11. d4 $146 e4 12. Ba3 Re8 13. cxd5 cxd5 14. Na4 b6 15. Qd2 Na6 16. Rfc1 Nc7 17. Rc2 Nb5 18. Bb2 {0-1 (48) Vaarala,E (2285)-Amin,B (2657) Reykjavik 2014} 1/2-1/2

[Event "DMP-III LIGA Senior PK 2020"]
[Site "Bystre"]
[Date "2020.07.09"]
[Round "2.8"]
[White "Smusz, Kamil"]
[Black "Baniak, Lukasz"]
[Result "0-1"]
[WhiteElo "1922"]
[BlackElo "1939"]
[Annotator "ChessBase"]
[PlyCount "66"]
[EventDate "2020.07.05"]
[EventType "team-tourn"]
[EventCountry "POL"]
[SourceTitle "playchess.com"]
[Source "ChessBase"]
[SourceQuality "1"]
[TimeControl "5400+30"]

1. d4 {[%emt 0:02:39]} Nf6 {[%emt 0:00:00]} 2. Bf4 {[%emt 0:00:02]} c5 {[%emt 0:02:26]} 3. d5 {[%emt 0:00:10]} d6 {[%emt 0:00:05]} 4. Nc3 {[%emt 0:00:08]} Na6 {[%emt 0:00:39]} 5. e4 {[%emt 0:00:16]} Nc7 {[%emt 0:00:06]} 6. a4 {[%emt 0:07:28]} g6 {[%emt 0:01:39]} 7. Be2 {[%emt 0:04:50]} Bg7 {[%emt 0:02:32]} 8. Qd2 {[%emt 0:03:07]} O-O {[%emt 0:00:15]} 9. Bh6 {[%emt 0:02:44]} Rb8 {[%emt 0:00:57]} 10. h4 {[%emt 0:12:34]} a6 {[%emt 0:43:19]} 11. h5 {[%emt 0:18:31]} b5 {[%emt 0:00:27]} 12. hxg6 {[%emt 0:04:54]} fxg6 {[%emt 0:00:07]} 13. Bxg7 {[%emt 0:00:15]} Kxg7 {[%emt 0:00:05]} 14. Qh6+ {[%emt 0:00:53]} Kg8 {[%emt 0:00:17]} 15. Nf3 {[%emt 0:06:29]} Rf7 {[%emt 0:00:32]} 16. Ng5 {[%emt 0:07:35]} Rg7 {[%emt 0:00:20]} 17. Nd1 {[%emt 0:08:18]} e6 {[%emt 0:02:55]} 18. Ne3 {[%emt 0:06:04]} exd5 {[%emt 0:06:48]} 19. exd5 {[%emt 0:00:39]} Qe7 {[%emt 0:04:48]} 20. axb5 {[%emt 0:07:12]} axb5 {[%emt 0:00:22]} 21. Ra7 {[%emt 0:02:33]} c4 {[%emt 0:06:31]} 22. Nf3 {[%emt 0:01:02]} Rb7 {[%emt 0:01:06]} 23. Rxb7 {[%emt 0:01:59]} Bxb7 {[%emt 0:00:05]} 24. Qf4 {[%emt 0:00:58]} Ncxd5 {[%emt 0:01:41]} 25. Qd4 {[%emt 0:00:04]} Nxe3 {[%emt 0:00:20]} 26. Qxe3 {[%emt 0:00:32]} Qxe3 {[%emt 0:00:45]} 27. fxe3 {[%emt 0:00:01]} Re7 {[%emt 0:00:08]} 28. Kd2 {[%emt 0:00:20]} Ne4+ {[%emt 0:02:38]} 29. Ke1 {[%emt 0:00:25]} Ng3 {[%emt 0:00:12]} 30. Rh3 {[%emt 0:00:08]} Nf5 {[%emt 0:00:07]} 31. Kf2 {[%emt 0:01:17]} Nxe3 {[%emt 0:00:09]} 32. Nd4 {[%emt 0:00:02]} Nxg2 {[%emt 0:00:20]} 33. Nxb5 {[%emt 0:00:27]} Rxe2+ {[%emt 0:00:05]} 0-1

[Event "DMP-III LIGA Senior PK 2020"]
[Site "Bystre"]
[Date "2020.07.09"]
[Round "2.9"]
[White "Biesiadecki, Adam"]
[Black "Kasperek, Rafal"]
[Result "1/2-1/2"]
[WhiteElo "1539"]
[BlackElo "1982"]
[Annotator "ChessBase"]
[PlyCount "89"]
[EventDate "2020.07.05"]
[EventType "team-tourn"]
[EventCountry "POL"]
[SourceTitle "playchess.com"]
[Source "ChessBase"]
[SourceQuality "1"]
[TimeControl "5400+30"]

1. d4 {[%emt 0:00:00]} d6 {[%emt 0:00:00]} 2. c4 {[%emt 0:00:00]} e5 {[%emt 0:00:00]} 3. e3 {[%emt 0:00:00]} Nd7 {[%emt 0:00:18]} 4. Nc3 {[%emt 0:00:14]} Ngf6 {[%emt 0:00:16]} 5. Nf3 {[%emt 0:00:23]} g6 {[%emt 0:00:13]} 6. Be2 {[%emt 0:00:57]} Bg7 {[%emt 0:00:04]} 7. h4 {[%emt 0:00:11]} c6 {[%emt 0:05:15]} 8. d5 {[%emt 0:09:23]} Qc7 {[%emt 0:01:36]} 9. e4 {[%emt 0:00:59]} a6 {[%emt 0:19:50]} 10. Bd2 {[%emt 0:08:58]} Nc5 {[%emt 0:21:26]} 11. Qc2 {[%emt 0:03:39]} cxd5 {[%emt 0:03:24]} 12. Nxd5 {[%emt 0:02:17]} Nxd5 {[%emt 0:01:44]} 13. cxd5 {[%emt 0:00:23]} f5 {[%emt 0:04:01]} 14. b4 {[%emt 0:01:27]} Ne6 {[%emt 0:07:38]} 15. Qxc7 Nxc7 {[%emt 0:01:34]} 16. Rc1 {[%emt 0:10:09]} Kd7 {[%emt 0:00:52]} 17. exf5 {[%emt 0:02:34]} b5 {[%emt 0:05:30]} 18. Bd3 {[%emt 0:00:30]} Nxd5 {[%emt 0:00:30]} 19. O-O {[%emt 0:02:43]} Bb7 {[%emt 0:04:24]} 20. fxg6 {[%emt 0:01:31]} hxg6 {[%emt 0:01:25]} 21. Bxg6 {[%emt 0:00:26]} Ne7 {[%emt 0:00:26]} 22. h5 {[%emt 0:01:34]} Bxf3 {[%emt 0:02:44]} 23. gxf3 {[%emt 0:00:13]} Nxg6 {[%emt 0:00:16]} 24. hxg6 {[%emt 0:00:02]} Bh6 {[%emt 0:02:50]} 25. Bxh6 {[%emt 0:01:05]} Rxh6 {[%emt 0:00:04]} 26. Rfd1 {[%emt 0:00:19]} Rg8 {[%emt 0:00:06]} 27. Kf1 {[%emt 0:00:26]} Rh1+ {[%emt 0:13:50]} 28. Ke2 {[%emt 0:00:10]} Rxd1 {[%emt 0:00:03]} 29. Rxd1 {[%emt 0:00:10]} Rxg6 {[%emt 0:00:01]} 30. Ke3 {[%emt 0:02:09]} Rh6 {[%emt 0:01:57]} 31. Rg1 {[%emt 0:00:43]} Rh4 {[%emt 0:00:05]} 32. Rg4 {[%emt 0:00:14]} Rh1 {[%emt 0:00:04]} 33. Rg7+ {[%emt 0:00:25]} Ke6 {[%emt 0:00:12]} 34. Ra7 {[%emt 0:02:34]} Rb1 {[%emt 0:00:07]} 35. Rxa6 {[%emt 0:00:02]} Rxb4 {[%emt 0:00:04]} 36. Ra3 {[%emt 0:00:08]} Rb2 {[%emt 0:02:04]} 37. f4 {[%emt 0:04:04]} exf4+ {[%emt 0:00:12]} 38. Kxf4 {[%emt 0:00:01]} Rxf2+ {[%emt 0:00:06]} 39. Ke4 {[%emt 0:00:26]} Rb2 {[%emt 0:00:45]} 40. Ra6 {[%emt 0:00:28]} Rb4+ {[%emt 0:00:17]} 41. Kd3 {[%emt 0:00:42]} Kd5 {[%emt 0:00:18]} 42. Kc3 {[%emt 0:01:21]} Rc4+ {[%emt 0:00:27]} 43. Kb3 {[%emt 0:00:53]} Rh4 {[%emt 0:00:17]} 44. Ra8 {[%emt 0:01:27]} Kc5 {[%emt 0:02:40]} 45. Rc8+ {[%emt 0:00:16]} 1/2-1/2

[Event "DMP-III LIGA Senior PK 2020"]
[Site "Bystre"]
[Date "2020.07.09"]
[Round "2.10"]
[White "Mikula, Michal"]
[Black "Juszczuk, Grzegorz"]
[Result "1/2-1/2"]
[WhiteElo "1858"]
[BlackElo "1809"]
[Annotator "NA"]
[PlyCount "103"]
[EventDate "2020.07.05"]
[EventType "team-tourn"]
[EventCountry "POL"]
[SourceTitle "playchess.com"]
[Source "ChessBase"]
[SourceQuality "1"]
[TimeControl "5400+30"]

1. e4 {[%emt 0:00:09]} d5 {[%emt 0:00:00]} 2. exd5 {[%emt 0:00:13]} Qxd5 {[%emt 0:00:11]} 3. Nc3 {[%emt 0:00:12]} Qd8 {[%emt 0:00:11]} 4. d4 {[%emt 0:02:04]} e6 {[%emt 0:06:43]} 5. Nf3 {[%emt 0:01:18]} Nf6 {[%emt 0:00:41]} 6. Bc4 {[%emt 0:01:17]} Be7 {[%emt 0:02:10]} 7. Bf4 {[%emt 0:11:50]} c6 {[%emt 0:01:06]} 8. a4 {[%emt 0:06:36]} O-O {[%emt 0:00:18]} 9. O-O {[%emt 0:02:52]} Nd5 {[%emt 0:01:03]} 10. Bg3 {[%emt 0:04:26]} Nd7 {[%emt 0:01:35]} 11. Qe2 {[%emt 0:07:35]} N7f6 {[%emt 0:03:43]} 12. Bb3 {[%emt 0:08:40]} a5 {[%emt 0:01:19]} 13. Ne5 {[%emt 0:03:11]} Bd6 {[%emt 0:06:10]} 14. Rad1 {[%emt 0:04:33]} Qc7 {[%emt 0:03:41]} 15. Nb1 $11 {[%emt 0:06:58]} Nd7 {[%emt 0:10:16]} 16. c4 {[%emt 0:11:01]} Nb4 {[%emt 0:03:32]} 17. f4 {[%emt 0:01:42]} Bxe5 {[%emt 0:01:48]} 18. fxe5 {[%emt 0:00:12]} b5 {[%emt 0:09:59]} 19. cxb5 {[%emt 0:05:40]} cxb5 {[%emt 0:00:15]} 20. axb5 {[%emt 0:00:23]} Nb6 {[%emt 0:01:24]} 21. Be1 {[%emt 0:03:07]} Bb7 {[%emt 0:04:19]} 22. Nc3 {[%emt 0:00:37]} Rfd8 {[%emt 0:04:30]} 23. Ne4 {[%emt 0:00:37]} Bxe4 {[%emt 0:01:37]} 24. Qxe4 {[%emt 0:00:08]} N6d5 {[%emt 0:01:17]} 25. Bh4 {[%emt 0:02:52]} Rdc8 {[%emt 0:00:26]} 26. Qg4 {[%emt 0:01:59]} Qd7 {[%emt 0:09:20]} 27. Bf6 {[%emt 0:04:17]} g6 {[%emt 0:03:05]} 28. Qg5 {[%emt 0:00:21]} Qe8 {[%emt 0:00:27]} 29. h4 {[%emt 0:01:06]} Qf8 {[%emt 0:02:05]} 30. h5 {[%emt 0:00:56]} h6 {[%emt 0:00:20]} 31. Qg3 {[%emt 0:01:54]} g5 {[%emt 0:00:25]} 32. Rc1 {[%emt 0:01:42]} Rxc1 {[%emt 0:10:01]} 33. Rxc1 {[%emt 0:00:05]} Nf4 {[%emt 0:00:11]} 34. Qf3 {[%emt 0:02:34]} Rc8 {[%emt 0:04:46]} 35. Rc3 {[%emt 0:00:53]} Nfd5 {[%emt 0:02:23]} 36. Bxd5 {[%emt 0:00:50]} Nxd5 {[%emt 0:00:13]} 37. Rc6 {[%emt 0:02:19]} Rb8 {[%emt 0:02:49]} 38. Qb3 {[%emt 0:00:49]} Nxf6 {[%emt 0:01:56]} 39. exf6 {[%emt 0:00:06]} Qd8 {[%emt 0:00:08]} 40. Qc4 {[%emt 0:01:08]} Qxf6 {[%emt 0:00:45]} 41. b6 {[%emt 0:00:11]} Kg7 {[%emt 0:01:21]} 42. Qc5 {[%emt 0:00:55]} Qf4 {[%emt 0:00:59]} 43. d5 {[%emt 0:00:24]} exd5 {[%emt 0:00:18]} 44. Rc7 {[%emt 0:00:29]} Re8 {[%emt 0:00:13]} 45. Qxa5 {[%emt 0:00:45]} Qd4+ {[%emt 0:01:03]} 46. Kh2 {[%emt 0:00:25]} Qf4+ {[%emt 0:00:06]} 47. Kg1 {[%emt 0:00:08]} Qd4+ {[%emt 0:00:10]} 48. Kf1 {[%emt 0:00:36]} Qd1+ {[%emt 0:00:22]} 49. Kf2 {[%emt 0:00:04]} Qd4+ {[%emt 0:00:39]} 50. Kf1 {[%emt 0:00:07]} Qd1+ {[%emt 0:00:08]} 51. Kf2 Re1 52. Kg3 1/2-1/2

[Event "DMP-III LIGA Senior PK 2020"]
[Site "Bystre"]
[Date "2020.07.09"]
[Round "2.12"]
[White "Zgoda, Aleksandra"]
[Black "Krzyzanowska-Zadlo, Lidia"]
[Result "0-1"]
[WhiteElo "1203"]
[BlackElo "1801"]
[Annotator "NA"]
[PlyCount "58"]
[EventDate "2020.07.05"]
[EventType "team-tourn"]
[EventCountry "POL"]
[SourceTitle "playchess.com"]
[Source "ChessBase"]
[SourceQuality "1"]
[TimeControl "5400+30"]

1. e4 c5 2. Nf3 a6 3. d4 cxd4 4. Nxd4 Nf6 5. Nc3 e5 6. Nf5 d5 7. Ng3 d4 8. Nce2 Nc6 9. f4 Bd6 10. fxe5 Bxe5 11. Bf4 Qa5+ 12. Qd2 Bxf4 13. Nxf4 Qe5 14. O-O-O O-O 15. Bd3 Bd7 16. Rde1 Qc5 17. Kb1 Ne5 18. h3 Rac8 19. Rhf1 b5 20. Nf5 Bxf5 21. exf5 Nc4 22. Bxc4 bxc4 23. g4 c3 24. Qd3 Qb4 25. Kc1 Qxb2+ 26. Kd1 Rfe8 27. Ne2 Nd5 28. Nc1 Nb4 29. Rxe8+ Rxe8 0-1